Experimental electrical engineering. (Record no. 68647)

000 -LEADER
fixed length control field 00459nam a22001817a 4500
003 - CONTROL NUMBER IDENTIFIER
control field NUST - PNEC
005 - DATE AND TIME OF LATEST TRANSACTION
control field 20170116181058.0
008 - FIXED-LENGTH DATA ELEMENTS--GENERAL INFORMATION
fixed length control field 151002b xxu||||| |||| 00| 0 eng d
020 ## - INTERNATIONAL STANDARD BOOK NUMBER
International Standard Book Number -
040 ## - CATALOGING SOURCE
Transcribing agency LIBRARY
082 ## - DEWEY DECIMAL CLASSIFICATION NUMBER
Classification number 621.3 RAP
100 ## - MAIN ENTRY--PERSONAL NAME
9 (RLIN) 12192
Personal name Rapson, E. T. A.
245 ## - TITLE STATEMENT
Title Experimental electrical engineering.
Statement of responsibility, etc. E. T. A. Rapson
250 ## - EDITION STATEMENT
Edition statement 4th ed.
260 ## - PUBLICATION, DISTRIBUTION, ETC.
Date of publication, distribution, etc. c.1959
651 ## - SUBJECT ADDED ENTRY--GEOGRAPHIC NAME
9 (RLIN) 12197
Geographic name Electrical engineering
General subdivision EE
942 ## - ADDED ENTRY ELEMENTS (KOHA)
Source of classification or shelving scheme
Koha item type Book
Holdings
Withdrawn status Lost status Source of classification or shelving scheme Damaged status Not for loan Permanent Location Current Location Shelving location Date acquired Total Checkouts Full call number Barcode Date last seen Price effective from Koha item type
          Pakistan Navy Engineering College (PNEC) Pakistan Navy Engineering College (PNEC)       621.3 RAP PNECLIB-001091 10/02/2015   Book
© 2023 Central Library, National University of Sciences and Technology. All Rights Reserved.